DPH. 3

Vyhotovenie daňových dokladov za každé zdaniteľné plnenie v prospech iného platiteľa. Zákon o DPH vymedzuje dva druhy dokladov: daňový doklad a zjednodušený daňový doklad. Daňový dobropis a daňový ťarchopis. Odpočet dane, nadmerný odpočet. Oslobodenie od dane. Vývoz tovaru. Vývoz služieb. Zdaňovacie...

Description complète

Enregistré dans:
Détails bibliographiques
Auteur principal: Jánoš, Daniel
Format: Chapitre de livre
Langue:slovaque
Sujets:
Tags: Ajouter un tag
Pas de tags, Soyez le premier à ajouter un tag!

MARC

LEADER 00000naa a2200000 4500
001 r027422
005 20230919071206.7
041 0 |a slo 
044 |a SK 
245 1 0 |a DPH. 3  |c Daniel Jánoš 
520 |a Vyhotovenie daňových dokladov za každé zdaniteľné plnenie v prospech iného platiteľa. Zákon o DPH vymedzuje dva druhy dokladov: daňový doklad a zjednodušený daňový doklad. Daňový dobropis a daňový ťarchopis. Odpočet dane, nadmerný odpočet. Oslobodenie od dane. Vývoz tovaru. Vývoz služieb. Zdaňovacie obdobie. Priznanie k dani z pridanej hodnoty. Výpočet DPH a vyplnenie riadneho daňového priznania. Praktické príklady, vzory tlačív. 
610 2 0 |a dane z hodnoty pridanej 
610 2 0 |a doklady daňové 
610 2 0 |a odpisy daňové 
610 2 0 |a oslobodenie od daní 
610 2 0 |a priznania daňové 
100 1 |a Jánoš, Daniel